| 000 | 00832cam a2200253 a 4500 | ||
|---|---|---|---|
| 001 | 26198 | ||
| 003 | BD-RjUL | ||
| 005 | 20211209051002.0 | ||
| 008 | 140320t1998 bg ab b 000 0 eng | ||
| 035 | _a(BD-RjUL)26268 | ||
| 040 |
_aDLC _cDLC _beng _dBD-RjUL |
||
| 041 | _aeng | ||
| 082 | 0 | 4 |
_a954.02 _bALA 1998 |
| 100 | 1 |
_aĀlī, E. Ke. Ema. Iẏākuba, _d1939- _980533 |
|
| 245 | 1 | 0 |
_aAspects of society and culture of the Varendra, 1200-1576 A.D. / _cA.K.M. Yaqub Ali. |
| 260 |
_aRajshahi : _bM. Sajjadur Rahim, _c1998. |
||
| 300 |
_aviii, 421 p. : _bill., maps ; _c23 cm. |
||
| 504 | _aIncludes bibliographical references (p. [397]-421). | ||
| 520 | _aHistorical account of a tract in north Bengal. | ||
| 651 | 0 |
_aBengal (India) _xHistory. _980534 |
|
| 942 |
_2ddc _cBK |
||
| 999 |
_c26198 _d26198 |
||